Kadalora Sollagarathi (Record no. 177872)

MARC details
000 -LEADER
fixed length control field 00359nam a22001697a 4500
005 - DATE AND TIME OF LATEST TRANSACTION
control field 20260616112600.0
020 ## - INTERNATIONAL STANDARD BOOK NUMBER
ISBN 9788197836336
041 ## - LANGUAGE CODE
Language code of text/sound track or separate title English
082 ## - DEWEY DECIMAL CLASSIFICATION NUMBER
Classification number T03 R24 BER
100 ## - MAIN ENTRY--AUTHOR NAME
Personal name Berlin Kurumpanai C
245 ## - TITLE STATEMENT
Title Kadalora Sollagarathi
250 ## - EDITION STATEMENT
Edition statement 01
260 ## - PUBLICATION, DISTRIBUTION, ETC. (IMPRINT)
Place of publication Chennai
Name of publisher NCBH
Year of publication 2024
300 ## - PHYSICAL DESCRIPTION
Number of Pages 408
365 ## - TRADE PRICE
Price amount 450.00
942 ## - ADDED ENTRY ELEMENTS (KOHA)
Koha item type Books
Holdings
Withdrawn status Lost status Home library Current library Date acquired Cost, normal purchase price Full call number Accession Number Cost, replacement price Department Koha item type
    PSG-CAS LIBRARY PSG-CAS LIBRARY 16/06/2026 450.00 T03 R24 BER 154510 450.00 Tamil Books

Contact Us:

PSGCAS LIBRARY
Phone: 04224303300
Website: http://www.psgcas.ac.in/ | Email: psgcaslib@gmail.com


You are Visitor Number

web counter